| 000 | 00363nam a2200145Ia 4500 | ||
|---|---|---|---|
| 008 | 150201s2008 xx 000 0 und d | ||
| 082 |
_a617.96 _bS08H |
||
| 100 | _aHINES, ROBERT A.L | ||
| 245 | _aSTOELTING,S ANESTHESIA CO- EXISTING DESEASE | ||
| 250 | _a5TH | ||
| 260 |
_bELSEVIER _aDELHI _c2008 |
||
| 300 | _a1-676 | ||
| 650 | _aANAESTHESIOLOGY | ||
| 942 |
_2ddc _cBK |
||
| 999 |
_c290 _d290 |
||